[Event "Saint Louis Blitz 2017"]
[Site "Saint Louis"]
[Date "2017.08.17"]
[Round "1"]
[White "Kasparov, Garry"]
[Black "Karjakin, Sergey"]
[Result "1/2-1/2"]
[WhiteElo "2812"]
[BlackElo "2773"]
[Annotator "TA"]
[PlyCount "120"]
[EventDate "2017.??.??"]
[EventType "tourn"]
[EventCountry "USA"]
[SourceTitle "playchess.com"]
[Source "ChessBase"]
[SourceQuality "1"]

{[%evp 9,120,-9,-18,-17,-7,-39,-49,-53,-43,-79,-46,-47,-47,-39,-51,-39,-30,-91,-60,-64,-53,-111,-60,-91,-88,-91,-80,-78,-51,-62,-41,-199,-203,-211,-202,-212,-192,-192,-192,-210,-192,-187,-190,-286,0,-93,0,-300,-281,-315,-314,-313,-295,-308,-309,-310,-304,-283,-288,-358,-358,-356,-339,-323,-334,-340,-323,-376,-381,-383,-378,-531,-501,-604,-601,-1105,-29969,-5281,-54,-60,-53,-60,0,0,0,-79,-65,-80,-29978,-137,0,0,0,-135,-121,-233,0,0,0,0,0,-75,0,0,0,0,0,0,0,0,0,0,0]} 1. e4 e5 2. f4 exf4 3. Nc3 Qh4+ 4. Ke2 Qd8 (4... d5 5. Nxd5 Bg4+ 6. Nf3 Nc6 7. Nxc7+ Kd8 8. Nxa8 Ne5 9. Qe1 Nxf3 10. Qxh4+ Nxh4+ 11. Ke1 f3 12. g3 Nf6 13. d3 Bc5 14. gxh4 {1-0 (23) Rapport,R (2718)-Bromberger,S (2526) Austria 2014}) 5. d4 Nf6 $146 ({Find the theoretical novelty and annotate with similar games:} 5... d5 6. Nxd5 Nf6 7. Nxf6+ Qxf6 8. Nf3 g5 9. Kf2 Be7 10. Bd2 g4 11. Ne5 Nd7 12. Bc3 Nxe5 13. dxe5 {0-1 (34) Wannow,T-Holzgrewe,F Germany 1999}) 6. Bxf4 {C33: King's Gambit Accepted: 3 Nc3 and 3 Bc4} Bb4 7. Bg5 Bxc3 8. bxc3 {Black should prevent e5.Black is slightly better.} d6 9. Nf3 O-O 10. Bxf6 Qxf6 11. Kf2 c5 12. h3 Re8 13. Qd3 (13. Qd2 $11) 13... b6 14. Re1 Bb7 15. g3 (15. e5 $15 dxe5 16. dxe5) 15... Nc6 $36 {[%mdl 2048] Black is more active.} (15... Nd7 $17 16. Kg2 cxd4 17. cxd4 Qg6) 16. Bg2 Rac8 {And now ...cxd4 would win.} 17. a3 Nb8 18. Re3 Nd7 19. Rf1 Qe7 {[%cal Rb7e4]} 20. Kg1 $2 (20. Rfe1 $15) 20... Bxe4 $19 21. Qe2 d5 22. Nh4 g6 23. Bxe4 dxe4 24. Qg4 Nf6 25. Qg5 Nh5 $1 26. Qg4 (26. Qxe7 {is the only way for White.} Rxe7 27. d5) 26... Nf6 $2 (26... Ng7 $19 {has better winning chances. White must now prevent ...cxd4.} 27. Qe2 Qd6) 27. Qg5 $17 Nh5 $2 (27... cxd4 $1 $17 28. Nf5 Qd8 29. cxd4 Rxc2) 28. Qg4 $1 $19 Ng7 {[%cal Bh5g7,Bg7e6,Be6g5,Bg5f3][%mdl 32]} 29. Qe2 cxd4 30. cxd4 f5 31. Ng2 Qd6 32. c3 Qxa3 33. Qd2 Ne6 34. g4 Ng5 35. gxf5 Nf3+ 36. Rexf3 exf3 37. Rxf3 Rf8 38. Nh4 Qe7 39. Qf2 Qg5+ 40. Rg3 (40. Kh2 {was necessary.}) 40... Qc1+ (40... Qxh4 41. Rxg6+ hxg6 42. Qxh4 $15) 41. Kg2 {intending Nxg6!} Rxc3 42. Nxg6 Rxg3+ 43. Qxg3 {[%mdl 4096] Endgame KQR-KQN} Qd2+ $2 (43... Qc6+ $1 $19 44. d5 Qxd5+ 45. Kg1 Qd4+ 46. Kh2 Qb2+ 47. Kh1 hxg6 48. Qxg6+ Qg7 49. Qe6+ Kh7) 44. Kh1 $15 Qd1+ $1 45. Kg2 Qe2+ (45... Qc2+ $1 $15 46. Kg1 Rxf5 47. Ne7+ Kf7 48. Nxf5 Qxf5 49. Qc7+ Kg6 50. Qxa7 Qg5+ 51. Kf1 Qf4+ 52. Kg2 Qd2+ 53. Kf3 Qxd4) 46. Kg1 $11 {Threatens to win with Nf4+.} Qd1+ (46... hxg6 $11 47. Qxg6+ Kh8 48. Qh6+ Kg8 49. Qg6+ Kh8 50. Qh6+ Kg8 51. Qg6+) 47. Kg2 $1 $17 Qc2+ $1 (47... hxg6 48. Qxg6+ Kh8 49. Qh6+ Kg8 50. Qg6+ Kh8 51. Qh6+ Kg8 52. Qg6+ $11) 48. Kg1 Qb1+ $2 {[%mdl 8192]} (48... Rxf5 $17 49. Nh4+ Kf7 50. Nxf5 Qxf5 51. Qc7+ Kg6 52. Qxa7 Qg5+ 53. Kh2 Qf4+ 54. Kg2 Qxd4) 49. Kh2 Qb2+ (49... hxg6 $6 50. Qxg6+ Kh8 51. Qh5+ Kg8 52. Qg6+ Kh8 53. Qh5+ Kg8 54. Qg6+ $11) (49... Rxf5 $6 50. Nh4+ Kf7 51. Qc7+ Kf6 52. Qd8+ Kg7 53. Qe7+ Kg8 54. Qe6+ Rf7 55. Qe8+ Kg7 56. Qe5+ Kh6 57. Qe3+ Kh5 58. Qe2+ Kg5 59. Qg2+ Kf6 60. Qf3+ Ke7 61. Qb7+ Kf8 62. Qa8+ Ke7 63. Qb7+ Kf8 64. Qa8+ Ke7 65. Qb7+ $11) (49... Qa2+ $1 $17 50. Kh1 Re8 51. Ne5+ Kh8) 50. Kh1 $11 Qb1+ (50... hxg6 $11 51. Qxg6+ Kh8 52. Qh6+ Kg8 53. Qg6+ Kh8 54. Qh6+ Kg8 55. Qg6+) 51. Kh2 $17 {[#]} Qa2+ $1 ({Reject} 51... hxg6 $6 52. Qxg6+ Kh8 53. Qh5+ Kg8 54. Qg6+ Kh8 55. Qh5+ Kg8 56. Qg6+ $11) (51... Rxf5 $6 52. Nh4+ Kf7 53. Qc7+ Kf6 54. Qd8+ Kf7 55. Qd7+ Kf6 56. Qd6+ Kg5 57. Qe7+ Kh6 58. Qe6+ Kg5 59. Qe7+ Kh6 60. Qe6+ Kg5 61. Qe7+ $11) 52. Kg1 {[#]} (52. Kh1 $17) 52... Qa1+ $2 ({Stronger than} 52... hxg6 53. Qxg6+ Kh8 54. Qh6+ Kg8 55. Qg6+ Kh8 56. Qh6+ Kg8 57. Qg6+ $11) ({Black should try} 52... Re8 $1 $19 {Hoping for ...Qb1+.} 53. Ne5+ Kh8) 53. Kh2 $11 Qb2+ 54. Kh1 Qc1+ (54... Re8 $5 55. Ne5+ $8 Kf8 $11) 55. Kh2 (55. Kg2 $1 $11 {remains equal.}) 55... Qd2+ ({Much worse is} 55... hxg6 56. Qxg6+ Kh8 57. Qh5+ Kg8 58. Qg6+ Kh8 59. Qh5+ Kg8 60. Qg6+ $11) (55... Rf7 $17 56. Nh4+ Kf8 57. Qb8+ Ke7 58. Qxa7+ Kf6 59. Qxb6+ Kg7) 56. Kh1 $1 {The position is equal.} Qd1+ 57. Kh2 Qe2+ 58. Kg1 $1 {Nf4+ is the strong threat.} Qd1+ 59. Kh2 Qd2+ 60. Kh1 $1 Qd1+ {Precision: White = 50%, Black = 55%.} 1/2-1/2

[Event "Saint Louis Blitz 2017"]
[Site "Saint Louis"]
[Date "2017.08.17"]
[Round "1"]
[White "Nakamura, Hikaru"]
[Black "Aronian, Levon"]
[Result "1/2-1/2"]
[WhiteElo "2792"]
[BlackElo "2799"]
[Annotator "TA"]
[PlyCount "125"]
[EventDate "2017.??.??"]
[EventType "tourn"]
[EventCountry "USA"]
[SourceTitle "playchess.com"]
[Source "ChessBase"]
[SourceQuality "1"]

{[%evp 12,124,16,5,19,18,30,4,18,0,0,0,0,0,0,0,0,0,16,9,72,76,84,35,35,35,35,35,47,45,39,45,41,0,0,0,0,6,0,0,23,0,0,0,0,0,0,0,0,0,0,0,0,0,0,0,0,0,0,0,14,0,5,0,14,0,0,0,14,14,14,14,14,14,14,14,14,14,14,14,14,14,14,14,14,14,14,0,0,0,0,0,0,0,0,0,0,0,0,0,0,0,0,0,0,0,0,0,0,0,0,0,0,0,0]} 1. d4 Nf6 2. c4 e6 3. Nc3 Bb4 4. Qc2 O-O 5. Nf3 d5 6. cxd5 exd5 7. Bf4 {LiveBook: 23 Games. E32: Nimzo-Indian: Classical (4 Qc2): 4...0-0} (7. Bg5 h6 8. Bh4 c5 9. dxc5 Nbd7 10. e3 Qa5 11. Bd3 Ne4 12. O-O Bxc3 13. bxc3 Ndxc5 14. Nd4 Nxd3 15. Qxd3 {0-1 (48) So,W (2812)-Carlsen,M (2832) Paris 2017}) 7... Nbd7 (7... Ne4 $5) 8. e3 Re8 $146 ({Predecessor:} 8... c5 9. Be2 c4 10. O-O Nb6 11. a3 Bxc3 12. bxc3 Ne4 13. a4 Bf5 14. Qb2 Qe7 {1-0 (43) Andreikin,D (2718)-Bruzon Batista,L (2677) Havana 2015}) 9. Bd3 {White has an edge.} (9. Be2 {seems wilder.} Nf8 10. O-O Ng6 11. Bg3 c6 12. h3) 9... c5 10. a3 Bxc3+ 11. Qxc3 c4 12. Bc2 Ne4 13. Bxe4 $1 dxe4 14. Nd2 b5 15. a4 Ba6 (15... Nb6 $11 {keeps the balance.}) 16. axb5 $16 Bxb5 17. O-O Nb6 {[%cal Bd7b6,Bb6d5,Bd5c3][%mdl 32]} 18. Qa5 a6 19. Rfc1 Nd5 20. Qxd8 Raxd8 21. Bg3 ({Reject} 21. Nxc4 Nxf4 22. exf4 Rxd4 $15) 21... Rc8 22. Bd6 c3 23. bxc3 Nxc3 24. Kh1 f5 25. h3 Rc6 26. Bc5 Nd5 {The position is equal.} 27. Nc4 Bxc4 28. Rxc4 f4 29. exf4 Nxf4 30. Rca4 Nd3 31. Kg1 Nxc5 32. dxc5 Rxc5 33. Rxa6 $11 {[%mdl 4096] Endgame KRR-KRR} Rce5 34. Re1 e3 35. f3 h6 36. h4 Kh7 37. Ra3 R8e7 38. g3 g5 39. h5 R5e6 (39... g4 $5 40. fxg4 Re4 $11) 40. Kg2 Kg7 41. Re2 Re5 42. Kh3 R5e6 43. Kg4 Kf6 44. Rb3 Re8 45. Rb7 R8e7 46. Rb5 Re5 47. Rb3 R5e6 48. Ra3 Re8 49. Ra7 {Threatens to win with Rh7.} R8e7 50. Rxe7 (50. Ra4 {keeps more tension.} Rd7 51. f4 gxf4 52. Rxf4+ Kg7 53. Kf3) 50... Rxe7 {KR-KR} 51. f4 gxf4 52. Kxf4 Re5 53. g4 Re8 54. Rxe3 Rxe3 55. Kxe3 {KPP-KP} Ke5 56. Kf3 Ke6 57. Ke4 Kf6 58. Kf4 {[#] Ke3 is the strong threat.} Ke6 59. g5 hxg5+ 60. Kxg5 {Kg6 would kill now.} Kf7 61. h6 Kg8 62. Kg6 (62. h7+ $5 Kxh7 $11) 62... Kh8 63. h7 $2 {[%mdl 8192] Precision: White = 65%, Black = 71%.} (63. Kf5) 1/2-1/2

[Event "Saint Louis Blitz 2017"]
[Site "Saint Louis"]
[Date "2017.08.17"]
[Round "1"]
[White "Anand, Viswanathan"]
[Black "Nepomniachtchi, Ian"]
[Result "1/2-1/2"]
[WhiteElo "2783"]
[BlackElo "2751"]
[Annotator "TA"]
[PlyCount "125"]
[EventDate "2017.??.??"]
[EventType "tourn"]
[EventCountry "USA"]
[SourceTitle "playchess.com"]
[Source "ChessBase"]
[SourceQuality "1"]

{[%evp 11,125,18,92,35,40,43,42,39,42,42,46,30,43,29,56,19,41,47,42,-4,26,10,57,11,29,0,0,-4,14,8,49,33,24,20,15,-16,-23,-25,-21,-119,-93,-93,-104,-97,-25,-16,-18,-113,-122,-120,-116,-162,-141,-135,-127,-105,-108,-121,-116,-134,-82,-75,-20,-87,0,-11,0,0,16,20,26,0,22,0,0,-955,-944,-1254,-1238,-1191,-1108,-878,-855,-1136,-521,-535,-533,-593,-564,-532,-529,-516,11,-517,29,22,84,41,58,31,82,0,77,89,116,110,120,126,116,117,215,233,188,0,16,0]} 1. e4 d6 2. d4 Nf6 3. Nc3 g6 4. f4 Bg7 5. a3 O-O 6. Nf3 Bg4 {LiveBook: 12 Games. B09: Pirc Defence: Austrian Attack} (6... Nc6 $11) (6... Na6 7. Be2 c5 8. d5 Rb8 9. O-O b5 10. e5 Nd7 11. Bxb5 dxe5 12. Bxd7 Bxd7 13. Nxe5 Qc7 14. Qe2 {1-0 (40) Gajewski,G (2654)-Onischuk,V (2612) Berlin 2015}) 7. Be2 (7. h3 $16 Bxf3 8. Qxf3) 7... Nc6 $14 8. d5 Nb8 {White is slightly better.} 9. h3 Bxf3 10. Bxf3 ({Much weaker is} 10. gxf3 Nh5 $15) 10... c6 11. Be3 $146 ({Predecessor:} 11. O-O Nbd7 12. dxc6 bxc6 13. Be3 Qc7 14. Qd2 {½-½ (34) De Francesco,K (2283)-Mainka,R (2510) Bad Woerishofen 2010}) 11... Nbd7 12. O-O Rc8 13. Bd4 Nb6 14. b3 Qc7 15. Ra2 Rfe8 (15... e5 $5 {[%cal Re5d4]} 16. dxe6 fxe6 $11) 16. a4 {[%cal Ba3a4,Ba4a5][%mdl 32]} a6 17. a5 Nbd7 18. Ne2 e5 19. dxe6 $1 Rxe6 20. Nc3 Rce8 21. Ra4 R6e7 22. Kh1 Nf8 23. g3 Ne6 $36 {[%mdl 2048] White is under pressure.} 24. Bf2 Nd7 25. Qd2 (25. Rc4 $1 $11 {remains equal.} Qxa5 26. b4) 25... Nec5 26. Rd4 Bxd4 27. Qxd4 f5 (27... Ne6 $17 28. Qb4 h6) 28. exf5 $11 gxf5 29. g4 (29. b4 $1 $11 Ne6 30. Qd3) 29... Ne6 $17 ({Wrong is} 29... Qxa5 $2 30. gxf5 (30. b4 Ne6 $16) 30... Rg7 31. b4 $18) 30. Qb4 d5 31. Bg3 Ng7 32. Kg2 Nf6 33. g5 Ne4 34. Nxe4 dxe4 35. Be2 c5 (35... e3 $142 36. Qc5 Re4) 36. Qc3 Qc6 ({Black should try} 36... Rd7 $17 37. Kg1 Ne6) 37. h4 (37. Bc4+ $11 Kh8 38. Qf6) 37... Ne6 (37... Rd7 $17 {Threatens to win with ...e3+.} 38. Kg1 e3) 38. Bc4 $11 e3+ 39. Kh2 Qe4 {Hoping for ...Rd7.} 40. Re1 Qd4 41. Qxe3 {aiming for Qe5.} (41. Rxe3 $5 {[%cal Rc3d4]} Qxc3 42. Rxc3 $11) 41... Kf8 42. Qf3 Qd2+ $1 43. Re2 $2 {[%mdl 8192]} (43. Qf2 $11 Nd4 44. Qxd2 Nf3+ 45. Kg2 Nxd2 46. Rxe7 Kxe7 47. Bd3) 43... Nd4 $19 44. Qd5 Rxe2+ 45. Kh3 R2e6 46. Qxc5+ Kg8 47. c3 Nc6 48. Qxf5 Qd7 49. g6 {[#] If only White now had time for Qf7+!...} hxg6 $1 50. Qxg6+ Kf8 51. Qf5+ Qf7 $2 ({Black should play} 51... Ke7 $19 52. Qc5+ Kd8 53. Bxe6 Rxe6) 52. Qxf7+ $11 Kxf7 53. f5 Nd8 (53... Kf6 $1 $11 {keeps the balance.} 54. Bxe6 Nd8) 54. fxe6+ Nxe6 $16 {[%mdl 4096] Endgame KRN-KB} 55. Bd5 Re7 (55... Rd8 $14 56. c4 (56. Bxb7 Nc5 $14) 56... Kf6) 56. c4 (56. Be5 $1 $16) 56... Kg6 (56... Kf6 $11) 57. Kg4 Nd4 58. h5+ Kh7 59. Bd6 Rg7+ 60. Kf4 Nxb3 {[#]} (60... Rg1 $16) 61. Be4+ $1 $18 Kg8 {[#]} 62. Bd5+ $2 ({White has to play} 62. h6 $1 $18 Rd7 63. Bb4) 62... Kh7 $11 63. Be4+ {Precision: White = 49%, Black = 30%.} 1/2-1/2

[Event "Saint Louis Blitz 2017"]
[Site "Saint Louis"]
[Date "2017.08.17"]
[Round "1"]
[White "Dominguez Perez, Leinier"]
[Black "Navara, David"]
[Result "1-0"]
[WhiteElo "2739"]
[BlackElo "2737"]
[Annotator "TA"]
[PlyCount "73"]
[EventDate "2017.??.??"]
[EventType "tourn"]
[EventCountry "USA"]
[SourceTitle "playchess.com"]
[Source "ChessBase"]
[SourceQuality "1"]

{[%evp 16,73,68,43,50,47,147,152,167,129,179,171,156,143,204,203,289,300,287,301,297,302,297,290,284,285,291,290,311,309,315,306,546,544,506,409,545,244,260,232,232,211,363,134,29991,-912,29992,29993,29993,29994,29994,731,29995,29996,29996,29996,29998,29997,29997,29998]} 1. e4 c6 2. d4 d5 3. e5 c5 4. dxc5 Nc6 5. f4 (5. Nf3 Bg4 6. c3 e6 7. b4 a6 8. Nbd2 Nxe5 9. Qa4+ Nd7 10. Ne5 Ngf6 11. c4 a5 12. Nb3 axb4 13. Qb5 Be7 {0-1 (53) Topalov,V (2760)-Nakamura,H (2779) London 2016}) 5... e6 6. Be3 {B12: Caro-Kann: Advance Variation} d4 7. Bf2 Bxc5 8. Nd2 Nge7 9. a3 {LiveBook: 4 Games} Nd5 10. Ne4 $146 ({Predecessor:} 10. Qf3 g5 11. g3 gxf4 12. gxf4 Ne3 {1-0 (53) Petr,M (2486)-Arkell,K (2424) Dundee 2017}) 10... Qa5+ ({Better is} 10... Be7 $14) 11. b4 $1 $16 {[%cal Rb4a5]} Ncxb4 12. axb4 Qxb4+ 13. Qd2 Qb2 14. Qc1 $1 {[%cal Rc1b2]} Qb4+ (14... Qxc1+ $16 15. Rxc1 Bb4+ 16. Ke2 Nxf4+ 17. Kf3 Nd5 18. Bb5+ (18. Bxd4 O-O $16) 18... Bd7) 15. Kd1 $18 Nc3+ (15... O-O {might work better.} 16. Nxc5 Qxc5) 16. Nxc3 dxc3 17. Rb1 Qa5 18. Bb5+ Bd7 19. Bxd7+ (19. Bxc5 Bxb5 20. Nf3 Bf1 $18) 19... Kxd7 20. Bxc5 ({Weaker is} 20. Rxb7+ Kc6 $11) 20... Qxc5 21. Ke2 ({Don't play} 21. Rxb7+ $6 Kc6 $16) 21... Qc4+ 22. Kf2 b5 23. Nf3 a5 $2 (23... Rhd8 {was worth a try.} 24. Qe3 Ke8) 24. Rd1+ Ke7 25. Qe3 b4 {[#]} 26. Qb6 (26. f5 $142 $1) 26... Rhb8 27. Qd6+ Ke8 28. Rd4 Qa2 $2 (28... Qb5 {is a better defense.}) 29. Kg3 $2 (29. Ra1 $18 {has better winning chances.} Qxc2+ 30. Kf1) 29... Qxb1 $4 {[%mdl 8192] [#]} (29... Qxc2 $16 30. Ra1 Qg6+ 31. Kf2 Qc2+ 32. Kf1 Qb2 33. Rxa5 c2) 30. Qd7+ $1 Kf8 31. Ng5 {[%csl Gg5][%cal Rd7f7]} Qe1+ 32. Kh3 {[%csl Gg5][%cal Rd7f7]} Kg8 33. Qxf7+ Kh8 34. Rd7 {[%csl Gd7][%cal Rf7g7] White mates.} ({Avoid the trap} 34. Re4 $2 Qf2 $19) 34... Rg8 35. Qh5 {[%csl Gg5][%cal Rh5h7]} h6 36. Qg6 {[%csl Gg5][%cal Rg6h7]} Qe3+ 37. g3 {Precision: White = 75%, Black = 43%.} 1-0

[Event "Saint Louis Blitz 2017"]
[Site "Saint Louis"]
[Date "2017.08.17"]
[Round "1"]
[White "Le, Quang Liem"]
[Black "Caruana, Fabiano"]
[Result "1-0"]
[WhiteElo "2739"]
[BlackElo "2807"]
[Annotator "TA"]
[PlyCount "121"]
[EventDate "2017.??.??"]
[EventType "tourn"]
[EventCountry "USA"]
[SourceTitle "playchess.com"]
[Source "ChessBase"]
[SourceQuality "1"]

{[%evp 20,121,-3,-7,58,0,50,55,43,55,40,36,40,39,95,90,95,84,107,112,120,86,110,126,141,135,136,140,159,152,168,156,164,166,153,153,146,122,120,121,120,110,186,197,214,183,196,160,314,184,205,200,200,136,164,141,150,147,152,152,152,152,152,152,152,147,158,158,151,153,627,573,558,556,29965,29966,29966,29968,29968,29969,29969,29970,29970,29971,29971,29972,29972,29973,29973,29974,29974,29975,29974,29976,29976,29977,29980,29981,29981,29982,29982,29983,29987,29988]} 1. d4 d5 2. Bf4 Nf6 3. e3 e6 4. Nd2 c5 5. c3 Nc6 6. Ngf3 Bd6 7. Bg3 O-O 8. Bd3 b6 9. Qe2 {D02: 1 d4 d5 2 Nf3 sidelines, including 2...Nf6 3 g3 and 2...Nf6 3 Bf4} Bb7 10. Rd1 Re8 11. e4 {LiveBook: 13 Games. The position is equal.} e5 $146 ({Black should try} 11... Be7 $11) ({Predecessor:} 11... Be7 12. e5 Nh5 13. a3 g6 14. Nf1 f5 15. exf6 Bxf6 16. Ne3 e5 17. dxe5 Nxe5 18. Nxe5 Nxg3 19. hxg3 Rxe5 {0-1 (34) Sedlak,N (2537)-So,W (2782) Baku 2016}) 12. dxe5 (12. dxc5 $14 Bxc5 13. exd5 Nxd5 14. O-O) 12... Nxe5 13. Nxe5 Bxe5 14. f4 dxe4 15. Bb5 Bc7 16. Nc4 $36 {[%mdl 2048] White has the initiative.} Qe7 (16... Qd3 $14) 17. Bxe8 $16 Rxe8 18. Ne3 $1 Qe6 19. O-O Qc6 20. f5 Bxg3 21. hxg3 h6 22. Rd2 Qc7 23. Qf2 Ba6 24. c4 b5 25. b3 bxc4 26. bxc4 h5 27. Qf4 Qxf4 28. Rxf4 Kh7 29. Rd6 Bb7 30. Kf2 Rc8 (30... Kh6 $16) 31. Rh4 $18 Kg8 32. Rh1 Bc6 33. Rhd1 {Rd8+ is the strong threat.} Rc7 $2 (33... Kf8 $16 {was worth a try.} 34. Ke2 Ke7) 34. Rd8+ (34. g4 $142) 34... Kh7 35. g4 Kh6 36. gxh5 Kxh5 37. Rb8 Kg5 38. Rdd8 {Threatens to win with Rdc8.} Bd7 39. Nd5 Nxd5 40. cxd5 Bxf5 $16 {[%mdl 4096] Endgame [#] KRR-KRB} 41. d6 $1 {[%cal Rd6c7]} Rc6 42. Rb7 Ra6 43. Rxf7 {And now Rdf8 would win.} Rxa2+ 44. Kg3 g6 $2 {[#]} (44... Ra3+ $16 45. Kh2 g6) 45. d7 $1 $18 {Threatening mate with Rxf5+.} Ra3+ 46. Kh2 Rd3 {[#]} 47. Rxf5+ $1 {[%mdl 512] White mates.} gxf5 {KR-KR} (47... Kxf5 48. Rf8+) 48. Rg8+ Kf4 49. d8=Q Rxd8 50. Rxd8 {KR-KP} Ke3 51. Rc8 Kd4 52. Kg3 c4 53. Kf2 c3 54. Ke2 f4 55. Rf8 Ke5 56. Kd1 a5 57. Kc2 Kd4 58. Rxf4 a4 59. g4 {[%cal Bg2g4,Bg4g5][%mdl 32]} a3 60. g5 a2 61. Rf1 {Precision: White = 75%, Black = 41%.} 1-0

[Event "Saint Louis Blitz 2017"]
[Site "Saint Louis"]
[Date "2017.08.17"]
[Round "2"]
[White "Caruana, Fabiano"]
[Black "Anand, Viswanathan"]
[Result "1/2-1/2"]
[WhiteElo "2807"]
[BlackElo "2783"]
[Annotator "TA"]
[PlyCount "79"]
[EventDate "2017.??.??"]
[EventType "tourn"]
[EventCountry "USA"]
[SourceTitle "playchess.com"]
[Source "ChessBase"]
[SourceQuality "1"]

{[%evp 9,79,8,7,0,25,23,22,-41,-46,-54,28,33,32,23,40,39,85,88,100,66,95,72,68,68,64,67,111,111,111,106,111,111,111,82,116,111,126,104,101,96,96,77,75,72,78,0,0,-39,0,0,0,-54,0,0,671,0,0,0,0,0,0,0,0,0,0,0,0,0,0,0,0,0]} 1. Nf3 d5 {[%cal Bd7d5,Bd5d4][%mdl 32]} 2. c4 d4 3. b4 Bg4 4. g3 Bxf3 5. exf3 e6 6. Qb3 $146 {A09: Réti Opening: 1 Nf3 d5 2 c4} ({Predecessor:} 6. b5 Nf6 7. Bg2 a6 8. f4 axb5 9. cxb5 c6 10. O-O Be7 11. bxc6 Nxc6 {0-1 (40) Rapport,R (2729)-Caruana,F (2813) Germany 2017}) 6... a5 7. b5 Nd7 8. Bg2 (8. f4 $11) 8... Nc5 $1 $15 {[%cal Rc5b3]} 9. Qc2 h5 ({Black should try} 9... d3 $15 10. Qd1 Qd4) 10. d3 $11 h4 11. f4 Nh6 12. Nd2 a4 13. Ba3 Ra7 14. Rb1 $36 {[%mdl 2048] White has some pressure.} Be7 15. Ne4 Nxe4 16. Bxe7 Qxe7 17. Bxe4 O-O 18. b6 cxb6 19. Rxb6 Ng4 20. O-O Nf6 21. Bf3 Rc8 22. Qb2 (22. gxh4 Nd5 $17) 22... Nd7 23. Rxb7 Rxb7 24. Qxb7 Qd8 25. Qb2 Nc5 {[#]} 26. Qc2 $1 Qa5 27. Rc1 ({Better is} 27. Rb1 $16) 27... Rb8 28. Qe2 h3 29. f5 exf5 30. Bd5 (30. Qe5 $11 Qb6 31. Rd1 (31. Qxf5 Qf6 $11) (31. Qxd4 Qb2 $11)) 30... Qc3 (30... Qb6 $15 31. Rd1 Qf6) 31. Rd1 {[#] And now Qe7 would win.} Kf8 $2 {[%mdl 8192]} (31... Rf8 $11) 32. Qe5 $2 (32. Qh5 $18 {[%csl Gd5][%cal Rh5f7]} Rb7 33. Qh8+ Ke7 34. Bxb7 Nxb7 35. Qxg7) 32... Re8 $1 {[%cal Re8e5] The position is equal.} 33. Qd6+ Kg8 {( -> ...Re1+)} 34. Rf1 ({Not} 34. Bxf7+ $2 Kxf7 35. Rf1 Ne6 $19) 34... Nxd3 {Threatens to win with ...Qe1!} 35. Qd7 Rf8 36. Qxf5 Nb4 37. Bxf7+ Rxf7 38. Qc8+ Rf8 39. Qe6+ Rf7 40. Qe8+ {Precision: White = 60%, Black = 42%.} 1/2-1/2